Statistics for Hunger Games--Guess my top 12 favorite Hunger Games Characters

Click here to take the quiz!

General Stats

  • This quiz has been taken 63 times
  • The average score is 10 of 13

Answer Stats

HintAnswer% Correct
8. Victor, fake romance turned real, good with bow and arrow, stubborn, favorite color greenKatniss Everdeen
93%
11. Victor, baker, "Lover Boy", StrongPeeta Mellark
93%
6. Younger version of him so use full name, future president, buzzcut, mentor in 10th Hunger GamesCoriolanus Snow
91%
2. Trident-prodigy, youngest Victor, good swimmerFinnick Odair
88%
4. Hilarious, obsessed with mahogany, wig-loverEffie Trinket
84%
10.Deserved a better death, clever, nightlock, deceasedFoxface
82%
12. Partially insane, (This one will cause controversy), Deceased, Talented with a sword, CareerCato
80%
3. Drunken, Victor, BrilliantHaymitch Abernathy
77%
1. Axe-wielding, mad, VictorJohanna Mason
75%
9. Bigger role in book than in movie, District 11, deceased, life-sparer, paid debtsThresh
73%
7. Songbird, Covey, VictorLucy Gray Baird
68%
5. Doer of what is right, kindhearted, mentor in 10th GamesSejanus Plinth
45%
0.(Tied for First) Read my fanfiction (Unfinished) on Wattpad to figure out the answer to this question, my username: Lizzyyyyyyy7 ;) (My story is called: Perform, Provide, Protect)Corsica Greenly
2%

Score Distribution

Percentile by Number Answered

Percent of People with Each Score

Your Score History

You have not taken this quiz